[Event "North Region-ch U16 Integrada"]
[Site "Cartagena"]
[Date "2015.03.29"]
[Round "3.2"]
[White "Martinez Marrugo, William Andres"]
[Black "Orozco Navarro, Cristian Eduar"]
[Result "1-0"]
[WhiteElo "1615"]
[BlackElo "1586"]
[PlyCount "27"]
[EventDate "2015.03.28"]
[EventType "swiss"]
[EventRounds "6"]
[EventCountry "COL"]
[SourceTitle "EXT 2024"]
[Source "ChessBase"]
[SourceDate "2023.10.10"]
[SourceVersion "1"]
[SourceVersionDate "2023.10.10"]
[SourceQuality "1"]

1. e4 c6 2. Nf3 d5 3. Nc3 dxe4 4. Nxe4 Bg4 5. Bc4 Nd7 6. Bxf7+ Kxf7 7. Nfg5+ Ke8 8. Qxg4 Ngf6 9. Qe6 Qa5 10. Nd6+ Kd8 11. Nxb7+ Kc8 12. Nxa5 g6 13. Qxc6+ Kb8 14. Qb7# 1-0